000 00442nam a2200169 i 4500
001 bg
245 0 _aFizika deformacionnogo uprocnenija monokristallov.
260 _aKiev :
_b"Naukova Dumka",
_c1972.
300 _as. 267, nlb. 1 :
_bilustr., tab.
500 _a[Alf. ros.].
504 _a[Zawiera bibliogr.].
040 _cBPK
041 _apol
080 _a539.3/.5:548.4
942 _cKS
008 s pl f |000 0 pol
999 _c15095
_d15095
856 _uhttp://koha.tu.koszalin.pl/cgi-bin/koha/opac-detail.pl?biblionumber=15095
_yKatalog online BPK